First countries to abolish slavery - Statistics

General Stats
  • This quiz has been taken 145 times
  • The average score is 9 of 20
Answer Stats
Date Country % Correct
1794 France
95%
1838 United Kingdom
94%
1590 Japan
76%
9 Xin
75%
1847 Sweden
68%
1848 Denmark
65%
1832 Greece
63%
1829 Mexico
59%
1804 Haiti
54%
1794 Poland-Lithuania
52%
1823 Chile
39%
1831 Bolivia
33%
1807 Prussia
32%
1830 Uruguay
31%
1835 Serbia
30%
1824 Central America
8%
1256 Bologna
5%
1770 Circassia
4%
1416 Ragusa
4%
1844 Moldavia
3%
No matching quizzes found
Score Distribution
Percent of People with Each Score
Percentile by Number Answered
Your Score History
You have not taken this quiz